|
|
|
|
| LEADER |
00000nam a22000007a 4500 |
| 005 |
20111212114959.0 |
| 007 |
cr|||| |||| |
| 008 |
111212s2011 sp |||||s|||| 00||0|spa d |
| 020 |
|
|
|a 978-84-9982-176-4
|
| 035 |
|
|
|a 5907
|
| 040 |
|
|
|a vLex
|
| 090 |
|
|
|c 2818
|d 2818
|
| 100 |
1 |
|
|a Serrano Mal̕lo, Alfonso
|
| 245 |
1 |
3 |
|a El problema de las contingencias en la teora̕ del autocontrol
|h [Recurso electrn̤ico] /
|c Alfonso Serrano Mal̕lo
|
| 256 |
|
|
|a Servicio en ln̕ea
|
| 260 |
|
|
|a Madrid :
|b Dykinson,
|c 2011
|
| 300 |
|
|
|a 1 recurso electrn̤ico
|
| 490 |
0 |
|
|a Coleccin̤ Estudios de Criminologa̕ y Polt̕ica Criminal,
|v 2
|
| 500 |
|
|
|a El sustrato de esta monografa̕ es el estudio de la delincuencia, ms̀ especf̕icamente el comportamiento delictivo de una muestra de jv̤enes residentes en Espaą, y tiene un enfoque muy nt̕ido: el rol de un rasgo individual conocido en la literatura criminolg̤ica como autocontrol. La presente obra, es una contribucin̤ importante a la disciplina de la Criminologa̕; ejemplo perfecto del tipo de investigacin̤ de base empr̕ica pero guiada ter̤icamente que ha permitido al campo de la Criminologa̕ avanzar tan lejos como lo ha hecho desde los tiempos en que si trabajo estaba dominado por la metafs̕ica y la filosofa̕ polt̕ica y legal.
|
| 506 |
1 |
|
|a Contenido solo disponible en los productos indicados
|d vLex Global
|d vLex Global (Academic Edition, excluding Law Schools)
|d vLex Global (U.S. Academic Edition, Law Schools)
|d vLex Global (U.S. Academic Edition, excluding Law Schools)
|d vLex Global (Academic Edition, Law Schools)
|
| 650 |
0 |
4 |
|a Criminologa̕
|
| 650 |
0 |
4 |
|a Derecho penal
|
| 740 |
0 |
|
|a vLex Libros (Servicio en ln̕ea)
|
| 856 |
4 |
0 |
|u http://vlex.com/source/problema-contingencias-teoria-autocontrol-5907
|z Acceso restringido
|
| 942 |
|
|
|c BOOK
|
| 999 |
0 |
|
|a Criminal law
|
| 999 |
0 |
|
|a Criminology
|